000 01269nam a2200349Ia 4500
001 dia_5660
003 CHAP
005 20250808122924.0
007 ta
008 220117s1998 mx ad fr 001 0 spa d
040 _cCHAP
_amxchpua
090 _aT.C.265
_bR83 SAI
_c1998
245 1 0 _aSistema agroindustrial :
_bagave tequilana Weber en la región centro de Jalisco /
_ccoordinador David Rubio Hernández ; colaboradores Esmeralda Cázares Sánchez...[et al.]
260 _aMéxico :
_bEl autor,
_c1998
300 _acerca 150 hojas :
_bilustraciones, gráficas, diagramas, tablas
336 _2rdacontent
_atexto
_btxt
337 _2rdamedia
_asin medio
_bn
338 _2rdacarrier
_avolumen
_bnc
500 _a6° año Directorio: hojas 118-121
502 _aViaje de Estudios
_b(SAI) --
_cUACh. Departamento de Ingeniería Agroindustrial,
_d1998
504 _aBibliografía: hoja 58
650 1 3 _aAgave
_91069
650 1 3 _aTequila
_9112336
700 1 _aRubio Hernández, David
_ecoordinador
_9100483
700 1 _aCázares Sánchez, Esmeralda
_ecolaborador
_924150
901 _aT.C.265 R83 SAI 1998
902 _aM
905 _a5332271998 mx nma 8223123322spa16
942 _2local
942 _cVE
999 _c176676
_d176676